| 000 | 00587cam a22002291 4500 | ||
|---|---|---|---|
| 001 | sa 65008045 | ||
| 003 | DLC | ||
| 005 | 20260227112153.0 | ||
| 008 | 900119s1964 ii 000 0 urdr | ||
| 010 | _asa 65008045 | ||
| 035 | _a(OCoLC)20928245 | ||
| 040 |
_aDLC _cWaU _dDLC |
||
| 042 | _apremarc | ||
| 050 | 0 | 0 |
_aPK2198.G4 _bZ84 |
| 100 | 1 |
_aRafaat, Mubarezuddin, _d1918- |
|
| 245 | 1 | 0 | _aMaqām-i G̲h̲ālib. |
| 260 | _c[1964?] | ||
| 300 |
_a160 p. _c19 cm. |
||
| 500 | _aIn Urdu. | ||
| 500 | _aText partially vocalized. | ||
| 600 | 1 | 0 |
_aGhalib, Mirza Asadullah Khan, _d1797-1869. |
| 999 |
_c65511 _d65511 |
||